Intorno al cuore di Piero Santi

Saved in:
書目詳細資料
主要作者: Papi, Andrea
格式: 圖書
語言:Undetermined
出版: Bologna il Cassero 1989
標簽: 添加標簽
沒有標簽, 成為第一個標記此記錄!

MARC

LEADER 00000nam a2200000Ia 4500
001 2
003 NUMERAZIONE-ORIGINALE-BRESCIA
005 20260206230746.0
008 260206s9999 xx 000 0 und d
100 |a Papi, Andrea 
245 0 |a Intorno al cuore di Piero Santi 
260 |a Bologna 
260 |b il Cassero 
260 |c 1989 
500 |a numero 6 
500 |a Quaderni di Critica Omosessuale 
942 |2 ddc  |c BK  |n 0 
952 |0 0  |1 0  |2 ddc  |4 0  |6 24  |7 0  |9 28176  |a BS  |b BS  |d 2026-02-06  |i 2  |l 0  |o 2-4-*  |r 2026-02-06 22:40:30  |w 2026-02-06  |x [REVISIONARE]  |y BK 
999 |c 23884  |d 23884